[Event "It"]
[Site "Montreal CAN"]
[Date "2001.08.04"]
[Round "3"]
[White "Mikanovic,G"]
[Black "Turov,M"]
[Result "1/2-1/2"]
[WhiteElo "2273"]
[BlackElo "2550"]

1.d4 Nf6 2.c4 g6 3.Nc3 d5 4.cxd5 Nxd5 5.e4 Nxc3 6.bxc3 Bg7 7.Nf3 O-O 8.Be3 c5
9.Rc1 Qa5 10.Qd2 Nd7 11.Bd3 e5 12.d5 f5 13.Bh6 f4 14.Bxg7 Kxg7 15.Rb1 Qc7
16.O-O Nf6 17.Bc2 Qd6 18.Rfe1 b6 19.Qd3 Bd7 20.a4 a6 21.c4 Rab8 22.Qc3 Rfe8
23.g3 Bg4 24.Nd2 g5 25.Bd1 h5 26.gxf4 gxf4 27.Kh1 Kh6 28.Rg1 Rg8 29.h3 Bd7
30.Bc2 Rbe8 31.Kh2 Bc8 32.Rxg8 Rxg8 33.Rg1 Rxg1 34.Kxg1 Nh7 35.Nf3 Ng5 36.Nxg5 Kxg5
37.Kh2 Kh4 38.Bd1 Qf6 39.Qf3 Qg6 40.Qd3 Bd7 41.Bc2 Qf7 42.Qf3 Kg5 43.Qg2+ Kh6
44.Qf3 Qf6 45.Bd1 Qh4 46.Kg2 Qg5+ 47.Kh2 Kg6 48.Qb3 Kf7 49.Qf3 Ke7 50.Qb3 Qh4
51.Kg2 Qg5+ 52.Kh2 Qg6 53.Bc2 Kd8 54.Qc3 Qf6 55.Qf3 Qh4 56.Kg2 Kc7 57.Bd1 Kd6
58.Qb3 Ke7 59.Qf3 Qg5+ 60.Kh2 Qg6 61.Bc2 Kf6 62.Qc3 Qe8 63.Qb3 Qd8 64.Qc3 Qe7
65.Qb3 Kg7 66.Qf3 Kh6 67.Qb3 Qf6 68.Qf3 b5 69.axb5 axb5 70.cxb5 Bxb5 71.Bd1 Qh4
72.Kg2 c4 73.Qc3 Qg5+  1/2-1/2

[Event "Nordic Championships"]
[Site "Bergen NOR"]
[Date "2001.08.05"]
[Round "2"]
[White "Tallaksen,G"]
[Black "Holmsten,A"]
[Result "0-1"]
[WhiteElo "2239"]
[BlackElo "2436"]

1.d4 Nf6 2.c4 g6 3.Nc3 d5 4.cxd5 Nxd5 5.e4 Nxc3 6.bxc3 Bg7 7.Be3 O-O 8.Qd2 c5
9.Nf3 Bg4 10.Ng5 cxd4 11.cxd4 Nc6 12.h3 Bd7 13.Rb1 Rc8 14.Nf3 Na5 15.Bd3 Be6
16.O-O Bc4 17.d5 b6 18.Rfd1 Qd7 19.Bd4 Bxd4 20.Nxd4 Rfd8 21.Bxc4 Rxc4 22.Qh6 Qa4
23.Nf3 Rxe4 24.Rdc1 f6 25.Rc7 Nc4 26.Re1 Rxe1+ 27.Nxe1 Re8 28.Qf4 b5 29.Qe4 Kf8
30.Qe6 Nd6 31.Qe3 Qxa2 32.Qd4 Qb1 33.Qd2 a6 34.Kh2 Qe4 35.Nf3 g5 36.Kg1 b4
37.Qd1 Rb8 38.Rc2 b3 39.Rb2 Qc4 40.Qd2 Rb5 41.Qe3 Qxd5 42.Nd2 Nc4 43.Nxc4 Qxc4  0-1

[Event "ch-IRI"]
[Site "Tehran IRI"]
[Date "2001.08.05"]
[Round "8"]
[White "Nasri,A"]
[Black "Niknaddaf,A"]
[Result "0-1"]
[WhiteElo "2275"]
[BlackElo "2262"]

1.d4 Nf6 2.c4 g6 3.Nc3 d5 4.cxd5 Nxd5 5.e4 Nxc3 6.bxc3 Bg7 7.Bc4 c5 8.Ne2 O-O
9.O-O Nc6 10.Be3 Bg4 11.f3 Na5 12.Bd3 cxd4 13.cxd4 Be6 14.d5 Bxa1 15.Qxa1 f6
16.Bh6 Re8 17.Kh1 Rc8 18.Qd4 Bf7 19.Qxa7 e6 20.Bb5 Ra8 21.Qc5 exd5 22.Bxe8 Qxe8
23.Ng3 Qc6 24.Qd4 Nc4 25.exd5 Bxd5 26.Rd1 Rxa2 27.h3 Ra5 28.Ne4 Kf7 29.Nc3 Bxf3
30.Qd7+ Qxd7 31.Rxd7+ Ke6 32.Rd4 Ne5 33.gxf3 Nxf3 34.Rb4 Rc5 35.Ne4 Rc2 36.Bf4 g5
37.Bg3 f5 38.Rb6+ Rc6 39.Rxc6+ bxc6 40.Nc3 h6 41.Kg2 Nd2 42.Kf2 f4 43.Bh2 Ke5
44.Ke2 Ne4 45.Nxe4 Kxe4 46.Bg1 h5 47.Bb6 g4 48.hxg4 hxg4 49.Kf2 Ke5 50.Bc7+ Kf5
51.Bd6 Ke4 52.Bf8 Kd5 53.Bh6 f3 54.Kg3 c5 55.Bd2 Ke4 56.Be1 c4 57.Kxg4 Ke3
58.Kg3 Ke2  0-1

[Event "It"]
[Site "Montreal CAN"]
[Date "2001.08.06"]
[Round "5"]
[White "Mikanovic,G"]
[Black "Oral,T"]
[Result "0-1"]
[WhiteElo "2273"]
[BlackElo "2540"]

1.d4 Nf6 2.c4 g6 3.Nc3 d5 4.cxd5 Nxd5 5.e4 Nxc3 6.bxc3 Bg7 7.Nf3 c5 8.Be3 Bg4
9.Qa4+ Nc6 10.Ne5 cxd4 11.Nxc6 bxc6 12.cxd4 O-O 13.Rc1 Rb8 14.Ba6 c5 15.dxc5 Bb2
16.O-O Bxc1 17.Rxc1 Qc7 18.c6 Rfd8 19.h3 Be6 20.Bb7 Bc8 21.Bxc8 Rdxc8 22.Qa6 Rb4
23.e5 Rcb8 24.Qd3 Rd8 25.Qc3 a5 26.Qc5 Rdb8 27.Qd5 Rb1 28.Rxb1 Rxb1+ 29.Kh2 Rb8
30.Bd2 Rc8 31.Bxa5 Qxc6 32.Qd2 Qc2 33.Qd7 Qf5 34.Qd4 Rc2 35.Bb6 Qe6 36.a3 Rc4
37.Qe3 Qd5 38.f3 Rc2 39.a4 Qa2 40.Qg5 Qxa4 41.Bd8 Qa3 42.Bxe7 Qxf3 43.Bb4 h6
44.Qd8+ Kh7 45.Bd2 Qf2  0-1

[Event "Kochan Mem Open"]
[Site "Koszalin POL"]
[Date "2001.08.07"]
[Round "4"]
[White "Popczynski,P"]
[Black "Moryc,I"]
[Result "1/2-1/2"]
[WhiteElo "2157"]
[BlackElo "2112"]

1.d4 Nf6 2.c4 g6 3.Nc3 d5 4.cxd5 Nxd5 5.e4 Nxc3 6.bxc3 Bg7 7.Bb5+ Bd7 8.Bc4 O-O
9.Ne2 c5 10.O-O Nc6 11.Be3 Bg4 12.f3 Na5 13.Bd3 cxd4 14.cxd4 Be6 15.Qa4 Rc8
16.Rac1 b6 17.Ba6 Rxc1 18.Rxc1 Bd7 19.Bb5 Bxb5 20.Qxb5 Qd6 21.Qd3  1/2-1/2

[Event "12th Sueder Summer"]
[Site "Recklinghausen GER"]
[Date "2001.08.08"]
[Round "5"]
[White "Frohne,G"]
[Black "Niebius,N"]
[Result "1-0"]
[WhiteElo "2233"]
[BlackElo "2028"]

1.d4 Nf6 2.c4 g6 3.Nc3 d5 4.cxd5 Nxd5 5.e4 Nxc3 6.bxc3 Bg7 7.Nf3 c5 8.Be3 Bg4
9.Qd2 O-O 10.Ng5 Qa5 11.h3 cxd4 12.cxd4 Qxd2+ 13.Kxd2 Bc8 14.Rc1 Rd8 15.Bc4 e6
16.d5 h6 17.Nf3 exd5 18.exd5 b5 19.Bxb5 Rxd5+ 20.Ke2 Ba6 21.Bc4 Ra5 22.Rhd1 Bxc4+
23.Rxc4 Rxa2+ 24.Kf1 Na6 25.Rd7 Rb8 26.g3 Bf6 27.Rxa7 Nb4 28.Rxb4 Rxf2+ 29.Bxf2 Rxb4
30.Rd7 Rb1+ 31.Kg2 Rb2 32.Rd2 Rb5 33.Bd4 Be7 34.Rb2 Rxb2+ 35.Bxb2 f6 36.Nd4 Kf7
37.g4 Bd6 38.Kf3 Be5 39.Ke4 Bg3 40.Bc1 Bf2 41.Bxh6 g5 42.Nb3 Ba7 43.Kf5 Bf2
44.Nd2 Bc5 45.Ne4 Be7 46.Ng3 Bd6 47.Nh5 Be7 48.Bg7  1-0

[Event "7th Stage Russian Cup"]
[Site "Togliatty RUS"]
[Date "2001.08.08"]
[Round "1"]
[White "Yevseev,D"]
[Black "Mikheev,S"]
[Result "1/2-1/2"]
[WhiteElo "2530"]
[BlackElo "2310"]

1.d4 Nf6 2.c4 g6 3.Nc3 d5 4.cxd5 Nxd5 5.e4 Nxc3 6.bxc3 Bg7 7.Nf3 c5 8.Rb1 O-O
9.Be2 Nc6 10.d5 Ne5 11.Nxe5 Bxe5 12.Qd2 e6 13.f4 Bc7 14.O-O exd5 15.exd5 Ba5
16.d6 b6 17.Bf3 Rb8 18.Ba3 Bd7 19.Rfe1 Qf6 20.Bb4 Bxb4 21.cxb4 c4 22.Rbc1 b5
23.Re5 Rfd8 24.Qd4 Kg7 25.g4 Kg8 26.Re8+ Kg7 27.Re5 Kg8 28.Re8+  1/2-1/2

[Event "It"]
[Site "Nikolaev UKR"]
[Date "2001.08.09"]
[Round "9"]
[White "Bets,A"]
[Black "Areshchenko,A"]
[Result "1/2-1/2"]
[WhiteElo "2402"]
[BlackElo "2462"]

1.d4 Nf6 2.c4 g6 3.Nc3 d5 4.cxd5 Nxd5 5.e4 Nxc3 6.bxc3 Bg7 7.Be3 c5 8.Qd2 cxd4
9.cxd4 Nc6 10.Rd1 Bg4 11.f3 Bd7 12.d5 Ne5 13.Bd4 O-O 14.f4 Ng4 15.Bxg7 Kxg7
16.h3 Nf6 17.Qb4 Qb6 18.Rd4 Rfc8 19.Ne2 Rc2 20.a4 Rac8 21.Qxb6 axb6 22.e5 Ne8
23.g3 Ra2 24.Rd2 Rcc2 25.Rxc2 Rxc2 26.Bg2 Bxa4 27.Kf2 Nc7 28.Rc1 Rxc1 29.Nxc1 Kf8
30.Ke3 Na6 31.Kd4 Ke8 32.Na2 Nc5 33.Nc3 Bc2 34.Bf1 Kd8  1/2-1/2

[Event "FSIMA August"]
[Site "Budapest HUN"]
[Date "2001.08.10"]
[Round "7"]
[White "Cooke,E"]
[Black "Borisek,J"]
[Result "1-0"]
[WhiteElo "2237"]
[BlackElo "2258"]

1.d4 Nf6 2.c4 g6 3.Nc3 d5 4.cxd5 Nxd5 5.e4 Nxc3 6.bxc3 Bg7 7.Bc4 c5 8.Be3 O-O
9.Ne2 Nc6 10.O-O Qc7 11.Rc1 Rd8 12.h3 b6 13.f4 e6 14.Qe1 Na5 15.Bd3 f5 16.g4 Bb7
17.Ng3 fxe4 18.Bxe4 Bxe4 19.Nxe4 cxd4 20.Bxd4 Bxd4+ 21.cxd4 Qg7 22.Ng5 Qxd4+
23.Rf2 Rd6 24.Nxe6 Qd3 25.Qe3 Rd7 26.f5 Nc4 27.Qf4 Rc8 28.f6 Rf7 29.Ng5 b5
30.Nxf7 Kxf7 31.Qh6 Qg3+ 32.Rg2  1-0

[Event "I American Continental"]
[Site "Cali COL"]
[Date "2001.08.10"]
[Round "1"]
[White "Arencibia,W"]
[Black "Prieto,E"]
[Result "1-0"]
[WhiteElo "2548"]
[BlackElo "2154"]

1.d4 Nf6 2.c4 g6 3.Nc3 d5 4.cxd5 Nxd5 5.e4 Nxc3 6.bxc3 Bg7 7.Nf3 O-O 8.Rb1 c5
9.Be2 Nc6 10.d5 Ne5 11.Nxe5 Bxe5 12.Qd2 e6 13.O-O exd5 14.exd5 c4 15.Rb4 Re8
16.f4 Bd6 17.Rxc4 Bd7 18.Bd3 f5 19.Kh1 b5 20.Rb4 Bxb4 21.cxb4 Rc8 22.Bb2 Qb6
23.Ba1 Kf7 24.Qb2 Rg8 25.Bc2 Qd6 26.Bb3 Rce8 27.Qf2 Re4 28.Be5 Qb6 29.d6+ Rc4
30.Qh4 Qd8 31.Qxh7+ Ke6 32.Re1 Kd5 33.Qf7+ Kc6 34.Bxc4  1-0

[Event "FSGM August"]
[Site "Budapest HUN"]
[Date "2001.08.11"]
[Round "8"]
[White "Szeberenyi,A"]
[Black "Fogarasi,T"]
[Result "1/2-1/2"]
[WhiteElo "2417"]
[BlackElo "2449"]

1.d4 Nf6 2.c4 g6 3.Nc3 d5 4.cxd5 Nxd5 5.e4 Nxc3 6.bxc3 Bg7 7.Qa4+ Nd7 8.Nf3 O-O
9.Bg5 c5 10.Rc1 h6 11.Be3 cxd4 12.cxd4 Nf6 13.Bd3 e6 14.O-O Bd7 15.Qd1 Bc6
16.Nd2 Rc8 17.f3 a6 18.Nb3 Bb5 19.Bxb5 axb5 20.Qe2 Rxc1 21.Rxc1 Qa8 22.Qxb5 Qxa2
23.Qxb7 Qe2 24.Bf2 Nh5 25.Qc7 Qb2 26.Qc3 Qxc3 27.Rxc3 Nf4 28.Kf1 f5 29.g3 Nh3
30.e5 g5 31.Nc5 Rc8 32.Kg2 g4 33.f4 Bf8 34.Be3 Kf7 35.Rc1 Rb8 36.Rc2 Be7
37.Bc1 Rb1 38.Nd3 Ba3 39.Rc7+ Ke8 40.Rc8+ Kf7 41.Rc7+ Ke8 42.Rc8+ Kf7  1/2-1/2

[Event "Kochan Mem Open"]
[Site "Koszalin POL"]
[Date "2001.08.11"]
[Round "7"]
[White "Polishchuk,O"]
[Black "Moniszka,K"]
[Result "1-0"]
[WhiteElo "2253"]
[BlackElo "2104"]

1.d4 Nf6 2.c4 g6 3.Nc3 d5 4.cxd5 Nxd5 5.e4 Nxc3 6.bxc3 Bg7 7.Bc4 c5 8.Ne2 O-O
9.O-O Nc6 10.Be3 Bg4 11.f3 cxd4 12.cxd4 Na5 13.Bxf7+ Rxf7 14.fxg4 Rxf1+ 15.Kxf1 e5
16.d5 Nc4 17.Qd3 Nxe3+ 18.Qxe3 Qh4 19.h3 Rf8+ 20.Kg1 b6 21.Rf1 Rxf1+ 22.Kxf1 Bf8
23.Qg3 Qf6+ 24.Qf3 Qh4 25.Ng1 Bc5 26.Qe2 Qg5 27.Qc2 Qe3 28.Nf3 Kg7 29.g5 Kf8
30.h4 Ke7 31.Qe2 Qc1+ 32.Ne1 Qf4+ 33.Qf3 Qxh4 34.Qf6+ Kd7 35.Nd3 Qh1+ 36.Ke2 Qxg2+
37.Kd1 Qg4+ 38.Kd2 Qg2+ 39.Kc3 Bd4+ 40.Kb3 Qh3 41.Qc6+ Kd8 42.Kc4  1-0

[Event "Lost Boys Open"]
[Site "Amsterdam NED"]
[Date "2001.08.12"]
[Round "3"]
[White "Piket,Je"]
[Black "Bezemer,A"]
[Result "1-0"]
[WhiteElo "2630"]
[BlackElo "2296"]

1.d4 Nf6 2.c4 g6 3.Nc3 d5 4.cxd5 Nxd5 5.e4 Nxc3 6.bxc3 Bg7 7.Qa4+ Nd7 8.Nf3 O-O
9.Bg5 c5 10.Rc1 a6 11.h3 b5 12.Qa3 Qb6 13.Bd3 Bb7 14.O-O Rfe8 15.Be3 Rac8
16.Rfe1 e6 17.Qb2 Qa5 18.Qb1 cxd4 19.cxd4 Rxc1 20.Rxc1 Rc8 21.Rxc8+ Bxc8
22.Qc2 Bb7 23.Nd2 Qd8 24.Nb3 Qc8 25.Qd2 f5 26.f3 Bf8 27.Bf2 Be7 28.Qe1 Nf8
29.exf5 gxf5 30.Bxf5 Bd5 31.Bb1 Ng6 32.Nc5 Bf6 33.a3 Qc6 34.Qd2 Qd6 35.Bxg6 hxg6
36.Qh6 Kf7 37.Qh7+ Bg7 38.Be3 Bxf3 39.gxf3 Qg3+ 40.Kf1 Qxf3+ 41.Bf2 Qxa3
42.Qh4 b4 43.Qf4+ Kg8 44.Kg2 Qa2 45.Qb8+ Kh7 46.Qxb4 Qd5+ 47.Kg1 e5 48.dxe5 Bxe5
49.Ne4 a5 50.Qe7+ Kg8 51.Ng5 Qd1+ 52.Kg2 Qd5+ 53.Nf3 Bg7 54.Be3 Bf8 55.Qe8 Qa2+
56.Bd2 Qf7 57.Qxf7+ Kxf7 58.Bxa5 Be7 59.Kg3 Kg7 60.Kg4 Kh7 61.Bc3 Bd8 62.Ng5+ Kg8
63.Kf4 Be7 64.Bd4 Bd6+ 65.Ke4 Be7 66.Be3 Kg7 67.Nf3 Kf7 68.Kd5 Bd8 69.Bd4 Kg8
70.Ke6 Kh7 71.Bf6 Bb6 72.Bg5 Bc7 73.Kf7  1-0

[Event "Nordic Championships"]
[Site "Bergen NOR"]
[Date "2001.08.12"]
[Round "9"]
[White "Bachmann,A"]
[Black "Toma,K"]
[Result "1/2-1/2"]
[WhiteElo "2303"]
[BlackElo "2174"]

1.d4 Nf6 2.c4 g6 3.Nc3 d5 4.cxd5 Nxd5 5.e4 Nxc3 6.bxc3 Bg7 7.Bc4 c5 8.Ne2 O-O
9.O-O Nc6 10.Be3 Qc7 11.Rc1 Rd8 12.Qd2 Bd7 13.Bh6 Rac8 14.Bxg7 Kxg7 15.Rfd1 Na5
16.Bd3 Ba4 17.Re1 e5 18.d5 c4 19.Bc2 Bxc2 20.Rxc2 b6 21.f4 f6 22.Rf1 Rf8
23.Rcc1 Nb7 24.fxe5 fxe5 25.Ng3 Qe7 26.Qe2 Qg5 27.Rxf8 Rxf8 28.Rf1 Rxf1+
29.Nxf1 Nd6 30.Nd2 h5  1/2-1/2

[Event "7th Stage Russian Cup"]
[Site "Togliatty RUS"]
[Date "2001.08.13"]
[Round "6"]
[White "Iljushin,A"]
[Black "Mikheev,S"]
[Result "1-0"]
[WhiteElo "2529"]
[BlackElo "2310"]

1.d4 Nf6 2.c4 g6 3.Nc3 d5 4.cxd5 Nxd5 5.e4 Nxc3 6.bxc3 Bg7 7.Be3 c5 8.Qd2 Qa5
9.Rb1 b6 10.Nf3 O-O 11.Rc1 Rd8 12.d5 Qa4 13.Bd3 c4 14.Bb1 Nd7 15.O-O Nc5
16.Bd4 Ba6 17.Bxg7 Kxg7 18.Qd4+ f6 19.h4 e5 20.Qe3 Qd7 21.Nh2 Rf8 22.f4 Rae8
23.fxe5 Rxe5 24.Qd4 Nd3 25.Bxd3 cxd3 26.Nf3 d2 27.Qxd2 Rxe4 28.Rfe1 Rfe8
29.Rxe4 Rxe4 30.Re1 Rxe1+ 31.Nxe1 Bc4 32.d6 Kf7 33.Nf3 Ke6 34.Qe3+ Kf7 35.Qf4 Qb5
36.Ng5+ Kg7 37.Qd4 Qb1+ 38.Kh2 Qxa2 39.d7 Bf1 40.Qe4  1-0

[Event "ch-AUT"]
[Site "Mureck AUT"]
[Date "2001.08.14"]
[Round "10"]
[White "Wukits,R"]
[Black "Neubauer,M"]
[Result "1-0"]
[WhiteElo "2269"]
[BlackElo "2370"]

1.d4 Nf6 2.c4 g6 3.Nc3 d5 4.cxd5 Nxd5 5.e4 Nxc3 6.bxc3 Bg7 7.Bc4 c5 8.Ne2 Nc6
9.Be3 O-O 10.O-O Bg4 11.f3 Na5 12.Bxf7+ Rxf7 13.fxg4 Rxf1+ 14.Kxf1 cxd4 15.cxd4 e5
16.d5 Nc4 17.Bf2 Bh6 18.Kg1 Rc8 19.Ng3 Qd7 20.Qe2 b5 21.h4 Bf4 22.Nf1 Nd6
23.Re1 Rc4 24.Qf3 Qf7 25.g5 a5 26.g3 Bc1 27.Qg2 b4 28.Nh2 a4 29.Ng4 Qe7 30.Nf6+ Kg7
31.Qf1 Bd2 32.Rd1 Bc3 33.h5 gxh5 34.Qe2 Qf7 35.Rf1 Qg6 36.Be3 Rxe4 37.Nxh5+ Kg8
38.Qf3 Qf5 39.Nf6+ Kh8 40.Qxf5 Nxf5 41.Nxe4 Nxe3 42.Nxc3 Nxf1 43.d6  1-0

[Event "Faakersee Open"]
[Site "Latschach AUT"]
[Date "2001.08.15"]
[Round "6"]
[White "Bergen,P"]
[Black "Keller,M"]
[Result "1/2-1/2"]
[WhiteElo "2158"]
[BlackElo "2226"]

1.d4 Nf6 2.c4 g6 3.Nc3 d5 4.cxd5 Nxd5 5.e4 Nxc3 6.bxc3 Bg7 7.Be3 c5 8.Qd2 Qa5
9.Rc1 O-O 10.Nf3 Bg4 11.Be2 cxd4 12.cxd4 Qxd2+ 13.Nxd2 Bxe2 14.Kxe2 f5 15.f3 fxe4
16.fxe4 Nc6 17.Nf3 Rac8  1/2-1/2

[Event "WJun"]
[Site "Athens GRE"]
[Date "2001.08.16"]
[Round "1"]
[White "Franco Alonso,A"]
[Black "Aronian,L"]
[Result "1/2-1/2"]
[WhiteElo "2332"]
[BlackElo "2562"]

1.d4 Nf6 2.c4 g6 3.Nc3 d5 4.cxd5 Nxd5 5.e4 Nxc3 6.bxc3 Bg7 7.Nf3 c5 8.Be3 Nc6
9.Qd2 cxd4 10.cxd4 Bg4 11.Rd1 Bxf3 12.gxf3 O-O 13.Be2 e6 14.d5 exd5 15.exd5 Ne7
16.O-O Nf5 17.d6 Qh4 18.Qd5 Bf6 19.d7 Bd8 20.Qxb7 Nxe3 21.fxe3 Bb6 22.Qe4 Qg5+
23.Kh1 Qxe3 24.Qxe3 Bxe3 25.Bc4 Bf4  1/2-1/2

[Event "7th Stage Russian Cup"]
[Site "Togliatty RUS"]
[Date "2001.08.16"]
[Round "9"]
[White "Najer,E"]
[Black "Yandemirov,V"]
[Result "1-0"]
[WhiteElo "2599"]
[BlackElo "2486"]

1.d4 Nf6 2.c4 g6 3.Nc3 d5 4.cxd5 Nxd5 5.e4 Nxc3 6.bxc3 Bg7 7.Bc4 O-O 8.Be3 c5
9.Ne2 Nc6 10.O-O Na5 11.Bd3 b6 12.Rc1 Bb7 13.Qd2 Rc8 14.d5 c4 15.Bc2 e6 16.Rcd1 exd5
17.exd5 b5 18.Bxa7 b4 19.Bd4 b3 20.Be4 Bxd4 21.Nxd4 Qb6 22.Rde1 Rfd8 23.axb3 cxb3
24.Qg5 Nc4 25.h4 Re8 26.Ne6 Nd6 27.Bb1 Qa5 28.h5 Rxe6 29.Rxe6 fxe6 30.hxg6 h6
31.Qe7 Qc7 32.Qxe6+ Kg7 33.Qe5+ Kg8 34.g7 Re8 35.Qf6 Nf7 36.Qg6 Ng5 37.Qxe8+ Kxg7
38.d6  1-0

[Event "Rubinstein Open"]
[Site "Polanica Zdroj POL"]
[Date "2001.08.18"]
[Round "3"]
[White "Lagowski,P"]
[Black "Cyborowski,L"]
[Result "1/2-1/2"]
[WhiteElo "2346"]
[BlackElo "2509"]

1.d4 Nf6 2.c4 g6 3.Nc3 d5 4.cxd5 Nxd5 5.e4 Nxc3 6.bxc3 Bg7 7.Be3 c5 8.Qd2 Qa5
9.Nf3 Nc6 10.Rc1 cxd4 11.cxd4 Qxd2+ 12.Kxd2 O-O 13.d5 Rd8 14.Ke1 Na5 15.Bd2 b6
16.Bb4 Kf8 17.Bb5 Bd7 18.Bxd7 Rxd7 19.Ke2 Nb7  1/2-1/2

[Event "Open"]
[Site "Presov SVK"]
[Date "2001.08.18"]
[Round "8"]
[White "Mikrut,D"]
[Black "Pinter,E"]
[Result "1-0"]
[WhiteElo "2354"]
[BlackElo "2277"]

1.d4 Nf6 2.c4 g6 3.Nc3 d5 4.cxd5 Nxd5 5.e4 Nxc3 6.bxc3 Bg7 7.Nf3 O-O 8.Be2 c5
9.O-O b6 10.Be3 Bb7 11.Qd3 Qd7 12.Rac1 Qa4 13.d5 Qxa2 14.Bg5 f6 15.Ra1 Ba6
16.c4 Qxa1 17.Rxa1 fxg5 18.Ra2 g4 19.Ng5 Bc8 20.Qg3 h6 21.Bxg4 hxg5 22.Bxc8 Rxc8
23.Qg4 Rd8 24.Qe6+ Kf8 25.Ra3 g4 26.Qxg4 Nd7 27.Qxg6 Ne5 28.Qf5+ Kg8 29.Qe6+ Kf8
30.Rg3 Rd6 31.Qf5+ Rf6 32.Qxe5 a5 33.Qg5 Rf7 34.e5  1-0

[Event "Canadian Closed"]
[Site "Montreal CAN"]
[Date "2001.08.22"]
[Round "2"]
[White "Mikanovic,G"]
[Black "Glinert,S"]
[Result "1/2-1/2"]
[WhiteElo "2273"]
[BlackElo "2273"]

1.d4 Nf6 2.c4 g6 3.Nc3 d5 4.cxd5 Nxd5 5.e4 Nxc3 6.bxc3 Bg7 7.Nf3 O-O 8.Be3 c5
9.Qd2 Qa5 10.Rc1 cxd4 11.cxd4 Qxd2+ 12.Nxd2 Rd8 13.Nb3 e6 14.Bg5 f6 15.Be3 Bf8
16.Bc4 Nc6 17.O-O Kg7 18.Rfd1 Bd7 19.d5 exd5 20.Bxd5 Rac8 21.Nc5 Bxc5 22.Bxc5 Be8
23.f4 Bf7 24.Kf2 b6 25.Ba3 Bxd5 26.exd5 Na5 27.Rxc8 Rxc8 28.d6 Kf7 29.d7 Rd8
30.g4 Nc6 31.Rc1 Nd4 32.Bb2 Ne6 33.Rc6 Rxd7 34.f5 Rd2+ 35.Kg3 gxf5 36.gxf5 Nc5
37.Rc7+ Ke8 38.Bc1 Rc2 39.Bf4 Ne4+ 40.Kf3 Rxc7 41.Bxc7 Nc3 42.Bb8 Kd7 43.Bxa7 Kc7
44.Kg4 Kb7 45.Bxb6 Kxb6 46.Kh5 Kc6 47.Kh6 Kd5 48.Kxh7 Ke5 49.h4 Kxf5 50.h5 Ne4
51.a4 Kg5 52.h6 f5 53.a5 f4 54.a6 f3 55.a7 f2 56.a8=Q Nf6+ 57.Kg7 f1=Q 58.Qa5+ Qf5  1/2-1/2

[Event "ch-FRA Playoff"]
[Site "Marsailles FRA"]
[Date "2001.08.24"]
[Round "2"]
[White "Vaisser,A"]
[Black "Bacrot,E"]
[Result "0-1"]
[WhiteElo "2556"]
[BlackElo "2653"]

1.d4 Nf6 2.c4 g6 3.Nc3 d5 4.cxd5 Nxd5 5.e4 Nxc3 6.bxc3 Bg7 7.Nf3 c5 8.Be3 Nc6
9.Qd2 Qa5 10.Rc1 cxd4 11.cxd4 Qxd2+ 12.Kxd2 O-O 13.d5 Rd8 14.Ke1 Na5 15.Bd2 b6
16.Bb4 Bf8 17.Bb5 e6 18.Bxf8 Kxf8 19.Rc7 exd5 20.e5 Be6 21.Ke2 Rdc8 22.Rhc1 Nc4
23.Rxc8+ Rxc8 24.Nd4 Rc5 25.f4 Na3 26.Rxc5 bxc5 27.Nxe6+ fxe6 28.Ba6 Nc2
29.Bd3 Nb4 30.Bb1 Kf7 31.g4 Nc6 32.h4 Nd4+ 33.Ke3 Nb5 34.a4 Nd4 35.Bd3 a5
36.g5 Kg7 37.Bb1 Nc6 38.Bd3 Nb4 39.Be2 Nc2+ 40.Kd2 Nd4 41.Bg4 h5 42.Bh3 Kf7
43.Ke3 Ke7 44.Kf2 Kd7 45.Ke3 Kc6 46.Bf1 Nf5+ 47.Kf2 Kd7 48.Bb5+ Ke7 49.Bd3 Nxh4
50.Bc2 Nf5 51.Bd3 c4 52.Bc2 h4  0-1

[Event "9th Open"]
[Site "Nikea GRE"]
[Date "2001.08.24"]
[Round "7"]
[White "Kosmadakis,E"]
[Black "Korlotsidis,S"]
[Result "1-0"]
[WhiteElo "2173"]
[BlackElo "2036"]

1.d4 Nf6 2.c4 g6 3.Nc3 d5 4.cxd5 Nxd5 5.e4 Nxc3 6.bxc3 Bg7 7.Bc4 c5 8.Ne2 O-O
9.O-O Nc6 10.Be3 cxd4 11.cxd4 a6 12.Rc1 Na5 13.Bd3 b5 14.Bf4 Ra7 15.Qc2 Bg4
16.d5 Bxe2 17.Bxe2 Qd7 18.Rfd1 Nb7 19.Qc6 Nd6 20.e5 Nf5 21.Qb6 Qb7 22.Qa5 g5
23.Bxg5 Bxe5 24.Qb4 f6 25.Bf4 Qb8 26.Bxe5 Qxe5 27.Bf3 Nd6 28.Rc6 a5 29.Qc5 Raa8
30.Qc1 Ra7 31.Re1 Qg5 32.Qc5 Rb7 33.g3 Qd2 34.Re2 Qh6 35.Rc7 Rxc7 36.Qxc7 Nf5
37.Bg4 Nd4 38.Rxe7 f5 39.Bd1 f4 40.d6 fxg3 41.hxg3 Nf5 42.Bb3+ Kh8 43.Qc3+ Ng7
44.d7 Qg6 45.Bc2  1-0

[Event "WJun"]
[Site "Athens GRE"]
[Date "2001.08.25"]
[Round "9"]
[White "Gagunashvili,M"]
[Black "Aronian,L"]
[Result "1/2-1/2"]
[WhiteElo "2444"]
[BlackElo "2562"]

1.d4 Nf6 2.c4 g6 3.Nc3 d5 4.cxd5 Nxd5 5.e4 Nxc3 6.bxc3 Bg7 7.Bc4 O-O 8.Ne2 Nc6
9.O-O e5 10.d5 Na5 11.Bd3 c6 12.Ba3 Re8 13.c4 b6 14.Bb4 Bf8 15.Bc3 Nb7 16.Nc1 Nc5
17.Re1 Ba6 18.Bf1 cxd5 19.exd5 Qc7 20.Nd3 Nxd3 21.Qxd3 Rac8 22.Qg3 Bd6 23.c5 Qxc5
24.Bxa6 Qxc3 25.Bxc8 Qxc8 26.Rac1 Bc5 27.Kh1 Qf5 28.Re2 h5 29.h3 f6 30.Rd1 Rd8
31.d6 Rxd6 32.Qb3+ Kg7 33.Rxd6 Bxd6 34.Qa4 Bc5 35.Kg1 Kh6 36.Qd1 Qf4 37.Qd2 Kg5
38.Kf1 Qxd2 39.Rxd2 Bd4 40.Rc2 Bc5 41.Ke2 Kf5  1/2-1/2

[Event "Open"]
[Site "Lisbon POR"]
[Date "2001.08.27"]
[Round "7"]
[White "Akesson,R"]
[Black "Palac,M"]
[Result "1/2-1/2"]
[WhiteElo "2481"]
[BlackElo "2578"]

1.d4 Nf6 2.c4 g6 3.Nc3 d5 4.cxd5 Nxd5 5.e4 Nxc3 6.bxc3 Bg7 7.Bc4 c5 8.Ne2 O-O
9.O-O Nc6 10.Be3 Bg4 11.f3 Bd7 12.Rc1 Rc8  1/2-1/2

[Event "21st Open"]
[Site "Bratto ITA"]
[Date "2001.08.28"]
[Round "7"]
[White "Ausmins,E"]
[Black "Belotti,B"]
[Result "0-1"]
[WhiteElo "2345"]
[BlackElo "2405"]

1.d4 Nf6 2.c4 g6 3.Nc3 d5 4.cxd5 Nxd5 5.e4 Nxc3 6.bxc3 Bg7 7.Nf3 c5 8.Rb1 O-O
9.Be2 b6 10.O-O Bb7 11.Qd3 Ba6 12.Qe3 Qd7 13.e5 cxd4 14.cxd4 Bxe2 15.Qxe2 Nc6
16.Rd1 e6 17.Qe4 Ne7 18.Bg5 Nd5 19.Rbc1 h6 20.Bd2 Rfc8 21.Qh4 Rxc1 22.Rxc1 h5
23.g4 hxg4 24.Qxg4 Rc8 25.Rxc8+ Qxc8 26.Qh4 a5 27.Ng5 Qc2 28.Ne4 Bf8 29.Qg4 Qxa2
30.h4 Bg7 31.h5 gxh5 32.Qh4 Ne7 33.Kh2 Qc2 34.Be3 a4 35.Nd6 Bf8 36.Qxh5 Qg6
37.Qd1 Bh6 38.Qxa4 Bxe3 39.fxe3 Nd5 40.Nc4 Qd3 41.Qa8+ Kg7 42.Qa2 Nxe3 43.Nxe3 Qxe3
44.Qg2+ Kh7 45.Qb7 Qf2+ 46.Kh3 Qf1+ 47.Kh2 b5 48.Qe7 Qf2+ 49.Kh1 Qf1+ 50.Kh2 Qf2+
51.Kh1 Kg6 52.Qd8 Qf1+ 53.Kh2 Qf4+ 54.Kh3 Qh6+  0-1

[Event "IX Open"]
[Site "Albacete ESP"]
[Date "2001.08.31"]
[Round "3"]
[White "Hellsten,J"]
[Black "Delchev,A"]
[Result "0-1"]
[WhiteElo "2471"]
[BlackElo "2629"]

1.d4 Nf6 2.c4 g6 3.Nc3 d5 4.cxd5 Nxd5 5.e4 Nxc3 6.bxc3 Bg7 7.Bb5+ c6 8.Ba4 a5
9.Ne2 b5 10.Bb3 a4 11.Bc2 c5 12.Rb1 O-O 13.d5 e6 14.O-O exd5 15.exd5 Ba6
16.Re1 Nd7 17.Bf4 Nb6 18.d6 Re8 19.Ng3 Qd7 20.Ne4 Rac8 21.Qd3 Nc4 22.Qd5 Bb7
23.Nxc5 Bxd5 24.Nxd7 Rxe1+ 25.Rxe1 Be6 26.Ne5 Nxd6 27.Rd1 Nc4 28.Nxc4 Bxc4
29.Be4 Bxa2 30.Bb7 Bb3 31.Rd6 Re8 32.Bd2 a3  0-1

[Event "EYCC B14"]
[Site "Halkidiki GRE"]
[Date "2001.08.31"]
[Round "1"]
[White "Kolesnikov,E"]
[Black "Bosiocic,Mari"]
[Result "1-0"]
[WhiteElo "2361"]
[BlackElo "2043"]

1.d4 Nf6 2.c4 g6 3.Nc3 d5 4.cxd5 Nxd5 5.e4 Nxc3 6.bxc3 Bg7 7.Bc4 O-O 8.Ne2 c5
9.O-O Nc6 10.Be3 Qa5 11.Rb1 a6 12.dxc5 Ne5 13.Bd5 Ng4 14.Qd2 Rd8 15.c6 b5
16.h3 Ne5 17.Nd4 Qc7 18.f4 e6 19.fxe5 exd5 20.Bg5 Re8 21.exd5 Bxe5 22.Rbe1 Qd6
23.Nf3 Bf5 24.Nxe5 Rxe5 25.Rxe5 Qxe5 26.d6 Qc5+ 27.Qd4 Qxd4+ 28.cxd4 f6 29.Bxf6 Kf7
30.Bh4 Ke6 31.d7  1-0

[Event "EYCC B16"]
[Site "Halkidiki GRE"]
[Date "2001.08.31"]
[Round "1"]
[White "Nilsson,V"]
[Black "Jeremic,V"]
[Result "1/2-1/2"]
[WhiteElo "2162"]
[BlackElo "2491"]

1.d4 Nf6 2.c4 g6 3.Nc3 d5 4.cxd5 Nxd5 5.e4 Nxc3 6.bxc3 Bg7 7.Bc4 O-O 8.Ne2 Nc6
9.O-O b6 10.Be3 Na5 11.Bd3 e5 12.d5 c5 13.a4 Qe7 14.c4 Nb7 15.Nc3 Bd7 16.Ra2 f5
17.f3 Rf7 18.Qb1 h5 19.Nb5 Qd8 20.Bd2 a5 21.Rb2 f4 22.Nc3 Ra6 23.Rd1 g5 24.Kf1 Rf6
25.Be1 Rg6 26.Ke2 g4 27.Kd2 h4 28.Kc1 h3 29.Bf1 hxg2 30.Rxg2 Nd6 31.Qd3 Qe8
32.Nb5 Bxb5 33.axb5 Ra7 34.Rxg4 Rxg4 35.fxg4 Qg6 36.Bg2 a4 37.Bf3 a3 38.Kb1 Ra4
39.Rc1 Qe8 40.Bd1 a2+ 41.Ka1 Ra7 42.Rc2 Qa8 43.Rc3  1/2-1/2

[Event "EYCC B14"]
[Site "Halkidiki GRE"]
[Date "2001.09.01"]
[Round "2"]
[White "Vitiugov,N"]
[Black "Stajner,S"]
[Result "1-0"]
[WhiteElo "2350"]
[BlackElo "2113"]

1.d4 Nf6 2.c4 g6 3.Nc3 d5 4.cxd5 Nxd5 5.e4 Nxc3 6.bxc3 Bg7 7.Nf3 c5 8.Rb1 O-O
9.Be2 Nc6 10.d5 Ne5 11.Nxe5 Bxe5 12.Rb3 Qa5 13.Qd2 Bd7 14.c4 Qc7 15.f4 Bd4
16.Bb2 Ba4 17.Bxd4 cxd4 18.Rd3 Qxc4 19.Rxd4 Qc2 20.Qxc2 Bxc2 21.Kd2  1-0

[Event "EYCC B16"]
[Site "Halkidiki GRE"]
[Date "2001.09.06"]
[Round "6"]
[White "Kharitonov,Alexa"]
[Black "Bernasek,J"]
[Result "1-0"]
[WhiteElo "2398"]
[BlackElo "2202"]

1.d4 Nf6 2.c4 g6 3.Nc3 d5 4.cxd5 Nxd5 5.e4 Nxc3 6.bxc3 Bg7 7.Nf3 c5 8.h3 O-O
9.Be2 b5 10.Be3 cxd4 11.cxd4 Bb7 12.Qd3 Nd7 13.O-O Nb6 14.Qb1 b4 15.a3 bxa3
16.Rxa3 e6 17.Rc1 Qe7 18.Ra5 h6 19.Bf4 Rfc8 20.Rac5 Qd8 21.Bc7 Qe8 22.Bb5 Qe7
23.Bd3 Kh7 24.h4 Kh8 25.Qb3 Kh7 26.h5 gxh5 27.Bb1 f6 28.Nh4 Qf7 29.e5+ f5
30.Bxf5+ Kh8 31.Bxe6 Qe7 32.Ng6+  1-0